| 000 | 00622nam a2200217 a 4500 | ||
|---|---|---|---|
| 005 | 20210219153537.0 | ||
| 008 | 991125n 000 0 spa u | ||
| 035 | _aUPN01000105669 | ||
| 100 | _aAURIN, Kurt | ||
| 222 | _aEDUCACION : COLECCION SEMESTRAL DE APORTACIONES ALEMANAS RECIENTES EN LAS CIENCIAS PEDAGOGICAS | ||
| 245 | _a¿Qué significa: humanización de la escuela? | ||
| 300 | _a116-132 | ||
| 362 | _a1981 vol. 24 | ||
| 653 | 0 | _aCOMPORTAMIENTO | |
| 653 | 0 | _aESCUELA | |
| 653 | 0 | _aHOMBRE | |
| 653 | 0 | _aPOLITICA CULTURAL | |
| 653 | 0 | _aRELACIONES HUMANAS | |
| 904 |
_aAC _b043480 |
||
| 905 | _aArticulo | ||
| 999 |
_c79599 _d79599 |
||